VULTURES 2 Tracklist (KanYe West, Ty Dolla $ign) - Statistics

General Stats
  • This quiz has been taken 85 times
  • The average score is 12 of 16
Answer Stats
Hint Answer % Correct
10 BOMB
90%
12 530
87%
3 FIELD TRIP
87%
1 SLIDE
87%
7 HUSBAND
84%
11 RIVER
81%
4 FRIED
79%
6 PROMOTION
70%
15 SKY CITY
70%
2 TIME MOVING SLOW
69%
13 DEAD
66%
8 LIFESTYLE
64%
5 ISABELLA
63%
16 MY SOUL
58%
9 FOREVER
54%
14 FOREVER ROLLING
51%
No matching quizzes found
Score Distribution
Percent of People with Each Score
Percentile by Number Answered
Your Score History
You have not taken this quiz